Sistema integral de administración financiera del sector público (SIAF) (Registro nro. 7627)

Detalles MARC
000 -Cabecera
Campo de control interno 00480nam a2200181Ia 4500
005 - Fecha y hora del registro
control field 20260306160509.0
008 - Elementos de Longitud Fija
fixed length control field 260306t2022||||xx |||||||||||||| ||spa||
041 ## - Idioma
Codigo Idioma ESP
082 ## - DEWEY y NOTACIÓN INTERNA
Dewey 352.40985
Notación Interna P86
100 ## - AUTOR
Autor denominación Prieto Hormaza, Marlon Iván
Término de relación autor
245 #0 - TÍTULO DE MATERIAL BIBLIOGRÁFICO
Título Sistema integral de administración financiera del sector público (SIAF)
260 ## - CIUDAD, EDITORIAL, AÑO
Año 2022
300 ## - DESCRIPCIÓN
N° Páginas 127 páginas :
Dimensiones 24 cm.
650 ## - TEMAS
Temas Generalidades
654 ## - PROGRAMAS
Programa Dpto. de Administración de Negocios
942 ## - ELEMENTOS DE KOHA
Tipo de documento Libro
Nombre del creador Justo Noguera
Código de catalogador Justo Noguera
Esquema de clasificación Dewey Decimal Classification
Suppress in OPAC
Existencias
Codigo completo Registro Colección Copia número Disponibilidad Tipo de préstamo Biblioteca Actual Procedencia (Biblioteca) Ubicacón Fecha Ingreso Tipo de Adquisición Date last seen Total checkouts Price effective from Tipo de Item Estado del Material Fuente de Clasificación Damaged status Withdrawn status
352.40985 P86 1074688 Universidad Católica San Pablo 1 Disponible Disponible Víctor Andrés Belaunde Víctor Andrés Belaunde Planta baja abierta 03/06/2026 Suscripción 06/03/2026   06/03/2026 Libro Bueno Dewey Decimal Classification